| 000 | 00584nam a2200157 4500 | ||
|---|---|---|---|
| 001 | 3924 | ||
| 005 | 20181127172229.0 | ||
| 020 | 0 | 0 | _a97899936889 |
| 090 | 0 | 0 | _a331.702 L1251c 2012 |
| 100 | 0 | 0 | _aMinistry of Labour and Human Resources, Royal Government of Bhutan. |
| 245 | 0 | 0 |
_aCareer & occupation dictionary, 2012 / _b _cMinistry of Labour and Human Resources, Royal Government of Bhutan. _h |
| 260 | 0 | 0 |
_aThimphu : _bMinistry of Labour and Human Resources, _c2012. |
| 300 | 0 | 0 |
_axviii, 616 p. : _c24 cm. |
| 650 | 0 | 0 |
_aOccupations --Bhutan. _x |
| 650 | 0 | 0 |
_aVocational qualifications --Bhutan. _x |
| 999 |
_c3203 _d3203 |
||